000 01554nam a2200253 a 4500
001 80606
003 BD-RjUL
005 20230116120328.0
008 221024s1993 bg ||||| m||| 00| 0 ben d
035 _a(BD-RjUL)80606
040 _aBD-RjUL
_bben / eng
_cBD-RjUL
_dBD-RjUL
041 _aben
082 _a891.44309
_bSUB 1993
_223
100 _aসুলতানা, ফরিদা
_95443
245 0 1 _aবাংলাদেশের সাম্প্রতিক উপন্যাস :
_bজীবনচেতনা [১৯৪৭-১৯৮৭] /
_cফরিদা সুলতানা ;
_6তত্ত্বাবধায়ক : মুহাম্মদ মজিরউদ্দীন মিয়া
260 _aরাজশাহী :
_bবাংলা বিভাগ, রাজশাহী বিশ্ববিদ্যালয়,
_c১৯৯৩
300 _a[চ], ২৮০ পাতা ;
_c২৯ সেমি.
502 _aথিসিস (পিইচ. ডি.) -- বাংলা বিভাগ, রাজশাহী বিশ্ববিদ্যালয়, ১৯৯৩
504 _aসহায়ক বাংলা গ্রন্থ : ২৫৪-২৬৩
650 _aবাংলা উপন্যাস
_vইতিহাস ও সমালোচনা
_x১৯৪৭-১৯৮৭
_95444
651 _2Bengali Fiction
_aHistory and Criticism
_v1947-1987
_95445
700 _aমিয়া, মুহাম্মদ মজিরউদ্দীন, তত্ত্বাবধায়ক
_95446
942 _2ddc
_cTHE
999 _c80606
_d80606